000 00268nam a2200109Ia 4500
008 190216s9999||||xx |||||||||||||| ||und||
100 _aPiekthall
245 0 _aCultural Side Of Islam
260 _b"Kitab Bhavan, New Delhi-2"
650 _aIslamic History
942 _cBK
999 _c22215
_d22215